000 00220 a2200097 4500
020 _a9780571368686
100 _aKeegan, Claire
245 _aSmall things like these
260 _bFaber and Faber Ltd.
_c2021
942 _cOO
999 _c115189
_d115188